MDQL
is popping MORE tags! Check the
thread
!
Quizzes
Events
Quiz Creation
Community
Videos
Private Events
Remove Ads
Sign In
Join for FREE
Feedback
Dark Mode
Quiz Categories
Sports
Geography
Music
Movies
Television
Just For Fun
Miscellaneous
History
Literature
Language
Science
Gaming
Entertainment
Religion
Holiday
For Kids
Quiz Lab
Recent
Popular Today
Quiz Kudos Today
Editor Picks
Curator Picks
Quizzes by...
Day
Popularity
Type
Ratings
Length
Year
Community
Subscriptions
Recent Discussions
Orange Saloon
Badges
Playlists
Quests
Create
Leaderboards
Showdown
Live 5
Trivia Bingo
Activity
Puzzle Library
Sporcle Events
Private Events
Virtual Trivia
Globe League
Become a Host
Pub Owners
SporcleCon
Opinionation
Our Games
Videos
Blog
Mobile Apps
Partnerships
Remove Ads and Go Orange
Feedback
Just For Fun
Clickable
Get the Picture
Humor
Quick Pick
Word Ladder
Missing Word
Mixed Word
Blitz
Minefield
This or That
Alphabet
Color
Typing
Sporcle
Puzzle
Word Play
Follow That Line
Logic
Just For Fun
Clickable
Get the Picture
Humor
Quick Pick
Word Ladder
Missing Word
Mixed Word
Blitz
Minefield
This or That
Alphabet
Color
Typing
Sporcle
Puzzle
Word Play
Follow That Line
Logic
Random Quiz
Search Sporcle
×
Quiz Lab
Quiz Lab
Just For Fun
Clickable
Select answers by clicking on text or image buttons
Select answers by clicking on text or image buttons
Clickable
Best Score? Go Orange.
Correct spellings of the word sporcle Stats
Can you click the correct spellings of the word 'sporcle' in under 30 seconds without clicking a mine?
By
pinenutsgrowonat
30s
40 Questions
354 Plays
354 Plays
354 Plays
Comments
Comments
Give Quiz Kudos
Give Quiz Kudos
-
- Ratings
hide this ad
Minefield
Wrong answers will end the quiz
Wrong answers will end the quiz
Random Order
Randomize order of answers
Randomize order of answers
Replay
Link that replays current quiz
Next Quiz
Link to next quiz in quiz playlist
You Got
0%
They Got
Avg Score
44%
Avg Friend Score
Upgrade to see
Score Distribution
Jump to the score distribution portion of the page
Score
0/40
Timer
00:30
0
Plays Today
% Correct
???
51.8%
???
48.3%
???
47.7%
???
47.5%
???
47.3%
???
46.9%
???
46.6%
???
46.4%
???
46.2%
???
46.2%
???
46%
???
46%
???
45.7%
???
45.6%
???
45.6%
???
45.4%
???
45.3%
???
45.2%
???
45%
???
44.9%
% Correct
???
44.8%
???
44.5%
???
44.4%
???
44.3%
???
44.2%
???
44.2%
???
43.8%
???
43.6%
???
43.5%
???
43.3%
???
43.3%
???
42.9%
???
42.9%
???
42.5%
???
42.2%
???
42.1%
???
42.1%
???
41.3%
???
41%
???
39.8%
Quiz Playlist
Details
Report
Send in Message
Add To Playlist
Clickable:
Select answers by clicking on text or image buttons
Minefield:
Wrong answers will end the quiz
Random Order:
Randomize order of answers
Last Updated: May 3, 2017
Quiz Scoreboard
CHALLENGE
Sign Up to Join the Scoreboard
Show All
Scores
Hide
Comments
May contain spoilers
Recently Published
Colored Red Africa Blitz
by spor1
Geography
30s
Find the 'City' Movie
by crazypaving
Movies
60s
5x2 Blitz: Bands
by SL_Kpop136
Music
30s
More to Explore
Quiz From the Vault
Featured Blog Post
14 Easter Pick-up Lines to Find Eggs With
hide this ad
You Might Also Like...
Tags
Clickable Quiz
Sporcle Quiz
mine
minute
second
Spelling
Under
Today's Top Quizzes in Just For Fun
Browse Just For Fun
hide this ad
Today's Top Quizzes in Clickable
Browse Clickable
Top Contributed Quizzes in Just For Fun
1
Name Just One - 10 to 1: Just For Fun
2
Ultimate Minefield Blitz VIII
3
Yarn Creations Logic Puzzle
4
Taylor Swift Logic Puzzle (Songs)
5
Kpop zombie apocalypse mystery (logic puzzle)
6
Survivor Winners Logic Puzzle
7
Quick 5-Color Logic (18)
8
Killer Double Trees 116 - Colour Mis-Match
9
Killer Double Trees 104 - Colour Mis-Match
10
Kyle's 122nd Triple Trees
Explore More
Trending Topics
Crossword
NBA
Anime
Kpop
Disney
Marvel
Harry Potter
NFL
Puzzle
Song
Soccer
Country
WWE
The Office
Pokémon
hide this ad
More By:
pinenutsgrowonat
Quiz
Plays
Rating
Category
Featured
Created
Baby country
12,153
2.39
Geography
Mar 14, 2017
what months are considered part of the spring season/us
958
4.13
Science
Feb 3, 2017
10 different kinds of smartphones
527
4.20
Miscellaneous
Mar 13, 2017
Correct spellings of the word sporcle
354
4.62
Just For Fun
Mar 30, 2017
what months are considered part of the summer season/us
262
3.83
Science
Feb 4, 2017
Go to Creator's Profile
Score Distribution
Quiz Creator Spotlight
pinenutsgrowonat
Follow
Send a Message
Quizzes Created
-
Created Quiz Play Count
-
More By This Creator
Popular Quizzes Today
1
5x2 Blitz: Bands
2
Find the 'City' Movie
3
Colored Red Africa Blitz
4
Find the US States - No Outlines Minefield
5
The Countries of the World
6
Find the US States
7
9x9 Crossword: Cartoon Network
8
US States
More Just For Fun Quizzes
Word Ladder: UAE's Capital
Published
Trending Quizzes
Colored Red Africa Blitz II
Colored Red Europe Blitz I
Christmas Pick: Judaism
Colored Red Africa Blitz III
Colored Red Europe Blitz II
Recently Updated
Champions League XIs: Real Madrid
pecheneg
Largest US Cities 1790-2010
pecheneg
Rides in Walt Disney World
pecheneg
Most Oscar Losses (Acting)
pecheneg
Beyoncé Albums
pecheneg
Leaping Animals
pecheneg
Reality TV Shows (A-Z)
bhenderson79
Rickey Henderson's Hall of Fame Teammates
pecheneg
Champions League XIs: Arsenal
pecheneg
Quick Pick: Celebrities in WWE's Hall of Fame
aduchscher
Trending Topics
Disney
Kpop
Crossword
Harry Potter
Anime
Marvel
NBA
Puzzle
Soccer
NFL
Pokémon
Country
The Office
Song
WWE
Your Account Isn't Verified!
In order to create a playlist on Sporcle, you need to verify the email address you used during registration. Go to your
Sporcle Settings
to finish the process.
Report this User
Report this user for behavior that violates our
Community Guidelines
.
Details:
Send Report
Go to the Sporcle.com Mobile Site →
Comments